Central Library OPAC University of Rajshahi

The Golden Breath : (Record no. 86619)

MARC details
000 -LEADER
fixed length control field 00593nam a2200205 a 4500
001 - CONTROL NUMBER
control field 86619
003 - CONTROL NUMBER IDENTIFIER
rucl marc code BD-RjUL
005 - DATE AND TIME OF LATEST TRANSACTION
control field 20260701154241.0
008 - FIXED-LENGTH DATA ELEMENTS--GENERAL INFORMATION
fixed length control field 260701s1933 enk||||| |||| 00| 0 eng d
035 ## - SYSTEM CONTROL NUMBER
System control number (BD-RjUL)86619
040 ## - CATALOGING SOURCE
Original cataloging agency BD-RjUL
Language of cataloging eng
Transcribing agency BD-RjUL
041 ## - LANGUAGE CODE
Language code of text/sound track or separate title eng
082 ## - DEWEY DECIMAL CLASSIFICATION NUMBER
Classification number 891.409
Author mark and year ANG 1933
100 ## - MAIN ENTRY--PERSONAL NAME
Personal name Anand, Mulk Raj
9 (RLIN) 18775
245 ## - TITLE STATEMENT
Title The Golden Breath :
Remainder of title Studies in Five Poets of the New India /
Statement of responsibility, etc. Mulk Raj Anand
260 ## - PUBLICATION, DISTRIBUTION, ETC. (IMPRINT)
Place of publication, distribution, etc. London :
Name of publisher, distributor, etc. John Murray,
Date of publication, distribution, etc. 1933
300 ## - PHYSICAL DESCRIPTION
Pagination 136 p.;
Size 17 cm.
650 ## - SUBJECT ADDED ENTRY--TOPICAL TERM
Topical term or geographic name as entry element Indic poetry
General subdivision History and criticism
9 (RLIN) 18776
942 ## - ADDED ENTRY ELEMENTS (KOHA)
Source of classification or shelving scheme Dewey Decimal Classification
Koha item type Books
Holdings
Lost status Source of classification or shelving scheme Damaged status Not for loan Collection code Permanent Location Current Location Shelving location Date acquired Total Checkouts Full call number Date last seen Copy number Koha item type
  Dewey Decimal Classification   Not For Loan Non-fiction Central Library, University of Rajshahi Central Library, University of Rajshahi Reading Room 20/01/1958   891.409 ANG 1933 01/07/2026 C-1 Books